Municipalities of Serbia on a Map - Statistics

General Stats
  • This quiz has been taken 9,205 times
  • The average score is 74 of 168
Answers on the Map
Answers color-coded by a green-red scale on the quiz's map according to % correct below.
 
Answer Stats
District Municipality % Correct
South Bačka Novi Sad
86%
North Bačka Subotica
82%
Šumadija Kragujevac
74%
Raška Novi Pazar
73%
West Bačka Sombor
73%
Bor Bor
72%
Belgrade New Belgrade
72%
Raška Kraljevo
71%
Pirot Pirot
71%
Pčinja Vranje
71%
Srem Sremska Mitrovica
70%
Moravica Čačak
69%
Belgrade Zemun
69%
Central Banat Zrenjanin
69%
South Bačka Bač
68%
Jablanica Leskovac
67%
South Banat Pančevo
67%
Mačva Šabac
67%
Zaječar Zaječar
67%
Podunavlje Smederevo
66%
Zlatibor Užice
66%
Rasina Kruševac
65%
North Banat Kikinda
64%
Kolubara Valjevo
64%
Pomoravlje Jagodina
61%
Mačva Loznica
60%
Bor Negotin
60%
Braničevo Požarevac
60%
South Banat Vršac
60%
Belgrade Obrenovac
59%
Srem Šid
59%
Belgrade Mladenovac
58%
Belgrade | Nišava Palilula
57%
West Bačka Apatin
55%
Belgrade Lazarevac
55%
Zlatibor Prijepolje
55%
Raška Raška
55%
Srem Ruma
55%
Belgrade Stari Grad
55%
South Bačka Bačka Palanka
54%
Zlatibor Sjenica
54%
Raška Tutin
54%
Belgrade Vračar
54%
North Bačka Bačka Topola
53%
Pirot Dimitrovgrad
53%
Pčinja Preševo
53%
Belgrade Surčin
53%
Zlatibor Bajina Bašta
52%
Nišava Aleksinac
51%
Pčinja Bujanovac
51%
Bor Kladovo
51%
Srem Stara Pazova
51%
Belgrade Voždovac
51%
Belgrade Zvezdara
51%
Moravica Gornji Milanovac
50%
Bor Majdanpek
50%
Zlatibor Priboj
50%
South Bačka Sremski Karlovci
50%
Srem Inđija
49%
Pomoravlje Paraćin
49%
Toplica Kuršumlija
48%
North Banat Senta
48%
Raška Vrnjačka Banja
48%
South Banat Bela Crkva
47%
Zlatibor Požega
47%
Podunavlje Smederevska Palanka
47%
South Bačka Bečej
46%
Pomoravlje Ćuprija
46%
Toplica Prokuplje
46%
South Bačka Vrbas
46%
Belgrade Čukarica
45%
Kolubara Ub
45%
Šumadija Aranđelovac
44%
Belgrade Grocka
44%
Belgrade Savski Venac
44%
North Banat Ada
43%
Zaječar Knjaževac
43%
Zlatibor Nova Varoš
43%
Šumadija Topola
43%
Moravica Ivanjica
42%
West Bačka Kula
42%
Belgrade Sopot
42%
Rasina Aleksandrovac
41%
Pčinja Bosilegrad
41%
North Banat Kanjiža
41%
South Banat Kovin
41%
Mačva Mali Zvornik
41%
Belgrade Barajevo
40%
Zlatibor Čajetina
40%
Nišava Niška Banja
40%
Belgrade Rakovica
40%
Zaječar Sokobanja
40%
Rasina Trstenik
40%
Podunavlje Velika Plana
40%
Mačva Bogatić
39%
Braničevo Golubac
39%
Kolubara Ljig
39%
Pčinja Surdulica
39%
South Bačka Bački Petrovac
38%
Rasina Brus
38%
Braničevo Petrovac na Mlavi
38%
South Bačka Titel
38%
Srem Irig
37%
Central Banat Novi Bečej
37%
South Bačka Temerin
37%
Pčinja Vladičin Han
37%
Zlatibor Arilje
36%
Jablanica Medveđa
36%
South Bačka Srbobran
36%
West Bačka Odžaci
35%
South Banat Alibunar
34%
Pirot Bela Palanka
34%
Pomoravlje Despotovac
34%
Braničevo Kostolac
34%
Jablanica Lebane
34%
Pomoravlje Svilajnac
34%
Mačva Ljubovija
33%
South Bačka Beočin
32%
Jablanica Crna Trava
32%
Nišava Crveni Krst
32%
Nišava Medijana
32%
Srem Pećinci
32%
Braničevo Veliko Gradište
32%
Jablanica Vlasotince
32%
Zlatibor Kosjerić
31%
Moravica Lučani
31%
South Banat Opovo
31%
Pčinja Trgovište
31%
Nišava Gadžin Han
30%
Kolubara Lajkovac
30%
North Bačka Mali Iđoš
30%
Kolubara Mionica
30%
North Banat Novi Kneževac
30%
Pčinja Vranjska Banja
30%
Šumadija Knić
29%
South Banat Kovačica
29%
Nišava Svrljig
29%
Central Banat Žitište
29%
Pirot Babušnica
28%
North Banat Čoka
28%
Šumadija Lapovo
28%
South Bačka Žabalj
28%
Šumadija Batočina
27%
Toplica Blace
27%
Rasina Ćićevac
27%
South Banat Plandište
27%
Braničevo Žagubica
27%
Zaječar Boljevac
26%
Mačva Krupanj
26%
Central Banat Nova Crnja
26%
Šumadija Rača
26%
Zlatibor Sevojno
26%
Mačva Koceljeva
25%
Kolubara Osečina
25%
Nišava Pantelej
25%
Nišava Ražanj
25%
Rasina Varvarin
25%
Mačva Vladimirci
25%
Toplica Žitorađa
25%
Braničevo Kučevo
24%
Jablanica Bojnik
23%
Central Banat Sečanj
23%
Braničevo Žabari
23%
Nišava Doljevac
22%
Nišava Merošina
22%
Pomoravlje Rekovac
22%
Braničevo Malo Crniće
21%
No matching quizzes found
Score Distribution
Percent of People with Each Score
Percentile by Number Answered
Your Score History
You have not taken this quiz